|
|
|
|
| LEADER |
00000nkm a2200000 a 4500 |
| 001 |
vtls001483152 |
| 003 |
SK-MaSNL |
| 005 |
20260302073701.0 |
| 008 |
200701s2001 xo 0| slo |
| 015 |
|
|
|a SNBG2004/04-01832
|
| 020 |
|
|
|a 8088879744
|
| 035 |
|
|
|a SNK000438447
|
| 040 |
|
|
|a SNK
|b slo
|c SNK
|e AACR2
|
| 044 |
|
|
|a xo
|c SK
|
| 072 |
|
7 |
|a 821-93
|2 konspekt
|
| 080 |
|
|
|a 087.5(084)
|2 2. slo
|
| 080 |
|
|
|a 821-93
|2 1981
|
| 080 |
|
|
|a (0.025.2)
|2 1981
|
| 100 |
1 |
|
|a Štefánik, Pavol,
|d 1920-2010
|4 aut
|9 13609
|
| 245 |
1 |
|
|a Kuriatko hľadá zvieratká
|h grafika
|c [text Pavol Štefánik, ilustrácie Jiřina Lockerová, Jiří Polák, Vladimír Zadražil]
|
| 250 |
|
|
|a 1. vyd.
|
| 260 |
|
|
|a Bratislava
|b Art Area
|c 2001
|
| 300 |
|
|
|a [8] s.
|b ilustr.
|c 19 x 16 cm
|
| 500 |
|
|
|a Názov z obalu
|
| 650 |
0 |
7 |
|a leporelá
|2 SNK
|9 284032
|
| 650 |
0 |
7 |
|a literatúra pre deti a mládež
|2 konspekt
|9 21893
|
| 655 |
|
7 |
|a beztextové leporelá
|2 SNK
|9 63057
|
| 655 |
|
7 |
|a publikácie pre deti
|2 SNK
|9 70148
|
| 655 |
|
7 |
|a leporelá
|2 SNK
|9 60414
|
| 700 |
1 |
|
|a Lockerová, Jiřina,
|d 1957-
|4 ill
|9 86066
|
| 700 |
1 |
|
|a Polák, Jiří
|4 ill
|9 280714
|
| 700 |
1 |
|
|a Zadražil, Vladimír,
|d 1963-
|4 ill
|9 222578
|
| 919 |
|
|
|a 80-88879-74-4
|
| 958 |
|
|
|a GBN
|
| 999 |
|
|
|c 1161939
|d 1163869
|
| 952 |
|
|
|t P60, <03>, [BOOK], {603}
|a SNK
|b SNK
|y PREZ
|7 0
|p 17A0444133
|o snkSD 74239
|i snkKSP 13094/2004
|0 0
|1 0
|4 0
|d 2004-10-08
|l 0
|r 2025-11-21 00:00:00
|w 2026-02-24
|